BSOP header

佈道生活化 Pu tao sheng huo hua = Life-style evangelism {ch} / (Record no. 36390)

MARC details
000 -LEADER
fixed length control field 00602nam a22001697a 4500
005 - DATE AND TIME OF LATEST TRANSACTION
control field 20140520110337.0
008 - FIXED-LENGTH DATA ELEMENTS--GENERAL INFORMATION
fixed length control field 130405b chi ||||| |||| 00| 0 chi d
100 ## - MAIN ENTRY--PERSONAL NAME
Personal name 艾偉傳著 Aldrich, Joseph C.
245 ## - TITLE STATEMENT
Title 佈道生活化 Pu tao sheng huo hua = Life-style evangelism {ch} /
Remainder of title Joseph C. Aldrich 艾偉傳.
260 ## - PUBLICATION, DISTRIBUTION, ETC. (IMPRINT)
Place of publication, distribution, etc 亞洲歸主, 香港:
Name of publisher, distributor, etc Hong Kong,
Date of publication, distribution, etc 1987.
300 ## - PHYSICAL DESCRIPTION
Extent 192 p. :
Dimensions 21 cm.
Other physical details ill.
504 ## - BIBLIOGRAPHY, ETC. NOTE
Bibliography, etc includes bibliographical references p. 190-192.
650 ## - SUBJECT ADDED ENTRY--TOPICAL TERM
Topical term or geographic name as entry element Evangelistic work {ch}.
650 ## - SUBJECT ADDED ENTRY--TOPICAL TERM
Topical term or geographic name as entry element Witness-bearing (Christianity {ch}.
700 ## - ADDED ENTRY--PERSONAL NAME
Personal name 艾偉傳
942 ## - ADDED ENTRY ELEMENTS (KOHA)
Source of classification or shelving scheme Library of Congress Classification
Item type Books
Holdings
Withdrawn status Lost status Source of classification or shelving scheme Damaged status Not for loan Home library Current library Shelving location Date acquired Cost, normal purchase price Accession number Total Checkouts Full call number Barcode Date last seen Copy number Price effective from Koha item type
    Library of Congress Classification     BSOP Library BSOP Library Chinese Books (General Circulation) 04/08/2013 235.20 C-11194   BV3790 Al2l 1990 00042794 04/08/2013 c. 2 04/08/2013 Books
BSOP

Biblical Seminary of the Philippines
  All rights Reserved
  © 2024

CONTACT INFORMATION

Biblical Seminary of the Philippines,
  77-B Karuhatan Road, Valenzuela City,
  PHILIPPINES 1441
  Phone: +632 8292-6795 / 8292-6798
  Fax : +632 8292-6675
  Email: library@bsop.edu.ph